Aisén, país de la Patagonia
Bewaard in:
| Hoofdauteur: | |
|---|---|
| Formaat: | Boek |
| Taal: | Spaans |
| Gepubliceerd in: |
Santiago
ACHS
1987
|
| Onderwerpen: | |
| Tags: |
Voeg label toe
Geen labels, Wees de eerste die dit record labelt!
|
MARC
| LEADER | 00000nam a2200000 a 4500 | ||
|---|---|---|---|
| 001 | UCV7785 | ||
| 003 | CL-VaPUC | ||
| 008 | 890823e19870000CL |||||||||||||||||spa|d | ||
| 082 | 0 | 4 | |a 918.3622 |b GON |2 21 |
| 100 | 0 | |a González Kappes, Mario |e author |9 301907 | |
| 245 | 1 | 0 | |a Aisén, país de la Patagonia |
| 300 | |a 74 p | ||
| 942 | |c BK | ||
| 945 | |d 19890823 00:00:00 | ||
| 260 | |a Santiago |b ACHS |c 1987 | ||
| 650 | 0 | |a Descripciones y viajes |9 262159 | |
| 651 | 7 | |a REGION 11 |2 CL-VaPUC |9 265556 | |
| 651 | 7 | |a CHILE |2 CL-VaPUC |9 301908 | |
| 583 | |a last modification |c 19890823 00:00:00 |k Rodrigo Vera | ||
| 999 | |c 213412 |d 213410 | ||
| 952 | |0 0 |1 0 |4 0 |6 918_362200000000000_GON_1987 |7 0 |8 P |9 195769 |a BIBARQ |b BIBARQ |d 2019-11-14 |i 2637626 |o 918.3622 GON 1987 |p 2637626 |r 2025-01-20 |w 2019-11-14 |y BK |k ARQ | ||